| LEADER | 02022nam a2200253 4500 | ||
|---|---|---|---|
| 082 | |a 607 |b C 455 ngh | ||
| 100 | |a . | ||
| 245 | |a Công nghệ 8/ |c Nguyễn Minh Đường tổng chủ biên, Đặng Văn Đào chủ biên,Trần Hữu Quế,...- | ||
| 260 | |a H.: |b Giáo dục, |c 2006.- | ||
| 300 | |a 208tr.; |c 24cm | ||
| 520 | |a . | ||
| 653 | |a Công nghệ | ||
| 942 | |2 ddc |c STK0 | ||
| 999 | |c 12241 |d 12241 | ||
| 952 | |0 0 |1 0 |2 ddc |4 0 |6 607_000000000000000_C_455_NGH |7 0 |8 600 |9 104863 |a qbu |b qbu |c D3 |d 2015-12-18 |g 11500 |o 607 C 455 ngh |p 11658.c1 |r 0000-00-00 |w 2015-12-18 |y STK0 | ||
| 952 | |0 0 |1 0 |2 ddc |4 0 |6 607_000000000000000_C_455_NGH |7 0 |8 600 |9 104864 |a qbu |b qbu |c D3 |d 2015-12-18 |g 11500 |o 607 C 455 ngh |p 11658.c2 |r 2020-07-28 |w 2015-12-18 |y STK0 | ||
| 952 | |0 0 |1 0 |2 ddc |4 0 |6 607_000000000000000_C_455_NGH |7 0 |8 600 |9 104865 |a qbu |b qbu |c D3 |d 2015-12-18 |g 11500 |o 607 C 455 ngh |p 11658.c3 |r 0000-00-00 |w 2015-12-18 |y STK0 | ||
| 952 | |0 0 |1 0 |2 ddc |4 0 |6 607_000000000000000_C_455_NGH |7 0 |8 600 |9 104866 |a qbu |b qbu |c D3 |d 2015-12-18 |g 11500 |o 607 C 455 ngh |p 11658.c4 |r 0000-00-00 |w 2015-12-18 |y STK0 | ||
| 952 | |0 0 |1 0 |2 ddc |4 0 |6 607_000000000000000_C_455_NGH |7 0 |8 600 |9 104867 |a qbu |b qbu |c D3 |d 2015-12-18 |g 11500 |o 607 C 455 ngh |p 11658.c5 |r 0000-00-00 |w 2015-12-18 |y STK0 | ||
| 952 | |0 0 |1 0 |2 ddc |4 0 |6 607_000000000000000_C_455_NGH |7 0 |8 600 |9 104868 |a qbu |b qbu |c D3 |d 2015-12-18 |g 11500 |o 607 C 455 ngh |p 11658.c6 |r 0000-00-00 |w 2015-12-18 |y STK0 | ||
| 952 | |0 0 |1 0 |2 ddc |4 0 |6 607_000000000000000_C_455_NGH |7 0 |8 600 |9 104869 |a qbu |b qbu |c D3 |d 2015-12-18 |g 11500 |o 607 C 455 ngh |p 11658.c7 |r 0000-00-00 |w 2015-12-18 |y STK0 | ||
| 952 | |0 0 |1 0 |2 ddc |4 0 |6 607_000000000000000_C_455_NGH |7 0 |8 600 |9 104870 |a qbu |b qbu |c D3 |d 2015-12-18 |g 11500 |o 607 C 455 ngh |p 11658.c8 |r 0000-00-00 |w 2015-12-18 |y STK0 | ||
| 952 | |0 0 |1 0 |2 ddc |4 0 |6 607_000000000000000_C_455_NGH |7 0 |8 600 |9 104871 |a qbu |b qbu |c D3 |d 2015-12-18 |g 11500 |o 607 C 455 ngh |p 11658.c9 |r 0000-00-00 |w 2015-12-18 |y STK0 | ||
| 952 | |0 0 |1 0 |2 ddc |4 0 |6 607_000000000000000_C_455_NGH |7 0 |8 600 |9 104872 |a qbu |b qbu |c D3 |d 2015-12-18 |g 11500 |o 607 C 455 ngh |p 11658.c10 |r 0000-00-00 |w 2015-12-18 |y STK0 | ||